Application de la Convention internationale pour la répression du financement du terrorisme et de la Convention internationale sur l'élimination de toutes les formes de discrimination raciale (Ukraine c. Fédération de Russie) : = Application of the International Convention for the Suppression of the Financing of Terrorism and of the International Convention on the Elimination of All Forms of Racial Discrimination (Ukraine v. Russian Federation) : (Record no. 6023)

MARC details
000 -LEADER
fixed length control field 01883cam a2200289Mi 4500
001 - CONTROL NUMBER
control field on1055564472
003 - CONTROL NUMBER IDENTIFIER
control field TZ-ArACH
005 - DATE AND TIME OF LATEST TRANSACTION
control field 20200923231604.0
008 - FIXED-LENGTH DATA ELEMENTS--GENERAL INFORMATION
fixed length control field 181003s2017 ne 000 0 eng d
020 ## - INTERNATIONAL STANDARD BOOK NUMBER
International Standard Book Number 9789211573183
020 ## - INTERNATIONAL STANDARD BOOK NUMBER
International Standard Book Number 9211573181
029 0# - (OCLC)
OCLC library identifier NLGGC
System control number 419836470
035 ## - SYSTEM CONTROL NUMBER
System control number (OCoLC)1055564472
040 ## - CATALOGING SOURCE
Original cataloging agency NLGGC
Language of cataloging eng
Description conventions rda
Transcribing agency TZ-ArACH
Modifying agency OCLCO
041 0# - LANGUAGE CODE
Language code of text/sound track or separate title eng
-- fre
049 ## - LOCAL HOLDINGS (OCLC)
Holding library TZAA
050 ## - LIBRARY OF CONGRESS CALL NUMBER
Classification number KF27
Item number .I58 2017 (Apr.)
245 00 - TITLE STATEMENT
Title Application de la Convention internationale pour la répression du financement du terrorisme et de la Convention internationale sur l'élimination de toutes les formes de discrimination raciale (Ukraine c. Fédération de Russie) : = Application of the International Convention for the Suppression of the Financing of Terrorism and of the International Convention on the Elimination of All Forms of Racial Discrimination (Ukraine v. Russian Federation) :
Remainder of title demande en indication de mesures conservatoires, ordonnance du 19 avril 2017 = request for the indication of provisional measures, order of 19 April 2017 / /
Statement of responsibility, etc Cour internationale de justice = International Court of Justice.
246 3# - VARYING FORM OF TITLE
Title proper/short title Application of the International Convention for the Suppression of the Financing of Terrorism and of the International Convention on the Elimination of All Forms of Racial Discrimination (Ukraine v. Russian Federation)
260 ## - PUBLICATION, DISTRIBUTION, ETC. (IMPRINT)
Place of publication, distribution, etc [The Hague] :
Name of publisher, distributor, etc International Court of Justice,
Date of publication, distribution, etc 2017.
300 ## - PHYSICAL DESCRIPTION
Extent Pages 103-223 ;
Dimensions 25 cm.
490 0# - SERIES STATEMENT
Series statement Reports of judgments, advisory opinions and orders =
-- Recueil des arrêts, avis consultatifs et ordonnances,
International Standard Serial Number 0074-4441 ;
Volume number/sequential designation sales no. 1120 (2017)
546 ## - LANGUAGE NOTE
Language note Text in English and French. - Double paginated.
710 2# - ADDED ENTRY--CORPORATE NAME
Corporate name or jurisdiction name as entry element International Court of Justice.
Relator code pbl
830 #0 - SERIES ADDED ENTRY--UNIFORM TITLE
Uniform title Recueil des arrêts, avis consultatifs et ordonnances ;
Volume number/sequential designation sales no. 1120 (2017).
942 ## - ADDED ENTRY ELEMENTS (KOHA)
Source of classification or shelving scheme Library of Congress Classification
Koha item type Books
Holdings
Home library Current library Date acquired Full call number Barcode Koha item type Public note
African Court on Human and Peoples' Rights Library African Court on Human and Peoples' Rights Library 23/09/2020 KF27 .I58 2017 (Apr.) 10199802 Books Donation by the International Law Book Foundation (ILBF)

African Court on Human and Peoples' Rights | For Inquiries Contact » +255 272 510 510